MARC

LEADER 00000nas a22000007a 4500
001 ssj0038478
003 WaSeSS
005 20200512172242.0
006 m d
007 cr n
008 031203c19999999mdubr pss 0 a0eng c
010 |a  2008216362 
016 7 |a 2451063-4  |2 DE-600 
022 |a 1944-6438  |l 1941-4188  |y 1941-4188 
035 |a (WaSeSS)ssj0038478 
037 |b Johns Hopkins University Press, 2715 N. Charles St., Baltimore, Maryland 21218 
040 |a VVC  |b eng  |c VVC  |d OCLCQ  |d NSD  |d OCLCQ  |d MUQ  |d OCLCQ  |d DLC  |d OCLCQ  |d HEBIS  |d OCLCQ  |d OCLCF  |d OCLCO  |d OCL  |d OCLCQ  |d EZC  |d VT2  |d WaSeSS 
042 |a pcc  |a nsdp 
050 1 4 |a D1  |b .H57 
082 1 0 |a 974  |2 14 
130 0 |a Historically speaking (Boston, Mass. : Online) 
222 0 |a Historically speaking  |b (Boston, Mass. Online) 
245 1 0 |a Historically speaking  |h [electronic resource]. 
260 |a Boston, Mass. :  |b Historical Society,  |c 1999- 
310 |a Five no. a year 
362 0 |a Vol. 1, no. 1 (Oct. 1999)- 
500 |a Title from opening screen (Historical Society's website, viewed Dec. 4, 2003). 
500 |a Published: Baltimore, Md. : Johns Hopkins University Press, <2006-> 
506 |a License restrictions may limit access. 
538 |a Mode of access: World Wide Web. 
588 |a Latest issue consulted: Vol. 10, no. 4 (Sept. 2009) (Project MUSE, viewed Sept. 21, 2009). 
610 2 0 |a Historical Society (Boston, Mass.)  |v Periodicals. 
610 2 6 |a Historical Society (Boston, Mass.)  |v Périodiques. 
610 2 7 |a Historical Society (Boston, Mass.)  |2 fast  |0 (OCoLC)fst00757389 
650 0 |a History  |v Periodicals. 
650 6 |a Histoire  |v Périodiques. 
650 7 |a History.  |2 fast  |0 (OCoLC)fst00958235 
655 0 |a Electronic journals. 
710 2 |a Historical Society (Boston, Mass.) 
776 1 |a Historical Society (Boston, Mass.).  |t Historically speaking  |x 1941-4188  |w (DLC) 00253295  |w (OCoLC)44903985 
856 4 0 |z Full text available from Research Library: 01/01/2012 to 11/30/2013  |u https://search.proquest.com/publication/2026519